000 00817nam0a22002531 4500
001 v19\rc\1853229
005 20250619152851.0
035 _a(NLR Aleph) 004948070
090 _a5852770
_c5852770
100 _a20080221d1909 |||y0rusy50 ca
101 0 _arus
102 _aRU
105 _aa z |||||
200 1 _aВыжигание по дереву, коже и папке
_fК. Ковальский
205 _a2-е изд., испр. и значит. доп.
210 _aСанкт-Петербург
_cМ.П. Петров, кн-во "А.Ф. Сухова"
_d1909
215 _a16 с.
_cил.
_d22
225 1 _aИзящные ремесла
700 1 _aКовальский
_bК.
801 0 _aRU
_bNLR
_gpsbo
801 1 _aRU
_bProSoft-M
_2rusmarc
852 _aNLR
_j34.53.4.1376
942 _cBOOK
980 _aNB